01003cam a22002771 4500001001300000003000400013005001700017008004100034010001700075035001900092040003100111042001200142050002200154086001700176100003500193245006700228260004800295300010500343410005600448504002800504650004300532650004900575650004500624740003900669999001700708gs 63000337 DLC20260227111413.0780123s1963 dcuabd b f000 0 eng  ags 63000337  a(OCoLC)3574586 aDLCcOClUdISSdOCoLCdDLC apremarc00aQE75b.P9 no. 4070 aI 19.16:407/1 aSchmidt, Robert Gordon,d1924-00aGeology and ore deposits of the Cuyuna North Range, Minnesota. aWashington,bU.S. Govt. Print. Off.,c1963. a96 p.billus., map, diagrs., tables and portfolio (11 fold. plates (incl. maps (part col.)))c29 cm.20aGeological Survey (U.S.).tProfessional paper,v407 aBibliography: p. 87-9l. 0aGeologyzMinnesotazCuyuna North Range 0aOre depositszMinnesotazCuyuna North Range. 0aIron oreszMinnesotazCuyuna North Range4 aThe Cuyuna North Range, Minnesota. c29757d29757